000 01079naa a22002897a 4500
001 BR6010107
003 BR-BrBNA
005 20240918173146.0
007 ta
008 230509b bl.||||| |||| 00| 0 por d
040 _aBR-BrBNA
_bpor
_cBiblioteca Nacional de Agricultura
041 _a(Pt)
072 _aL00
_b5212
_bG514
090 _aL00 BR6010107
100 1 _aCunha, J.R. da
111 1 _a1. Congresso Pecuario do Brasil Central
_cBarretos, SP (Brazil)
_d18 Apr 1941
245 1 _aMatanca de vacas [Bovino; Abate; Brasil]
260 3 _aSao Paulo, SP (Brasil):
_bSociedade Impressora Brasileira - Brusco,
_c1942.
500 _aAnais do 1. Congresso Pecuario do Brasil Central Sao Paulo, SP (Brasil): Sociedade Impressora Brasileira - Brusco, 1942. p. 171-176 (BR6010107-AM)L00
650 _aProducao animal
650 _aBovino
650 _aAbate
650 _aAbatedouro
773 0 _tAnais do 1. Congresso Pecuario do Brasil Central
_wL00 BR6010107
_gSao Paulo, SP (Brasil), 1942. p. 171-176
909 _a202404
_bLucia
_c55
_dLucia Elande
942 _cAM
_2AGRIS
999 _c303188
_d303188